| 000 | 00633cab a2200229 4500 | ||
|---|---|---|---|
| 001 | WB3406-37 | ||
| 008 | 090401t1998 xxu||||| |||| 00| 0 eng d | ||
| 035 | _a(Sirsi) u83610 | ||
| 041 | _aeng | ||
| 245 | _aJLW to incorporate | ||
| 260 | _c1998 | ||
| 350 | _a0 | ||
| 490 |
_aProperty Week _v61(5) 6 February 1998, 1(1) |
||
| 520 | _aJones Lang Wootton is to incorporate worldwide this Spring. | ||
| 650 | _aGLOBAL BUSINESS | ||
| 650 | _aINCORPORATION | ||
| 650 | _aJONES LANG WOOTTON | ||
| 650 | _aSURVEYING FIRMS | ||
| 690 | _aMANAGEMENT-BUSINESS MANAGEMENT-PROFESSIONAL PRACTICE | ||
| 942 | _n0 | ||
| 948 | _c09/02/1998 | ||
| 999 |
_c52821 _d52821 |
||